Rodovo podmienené násilie ako indikátor Indexu rodovej rovnosti - výzva pre členské štáty EÚ?
Koncept rodovo podmieneného násilia v diskurze, ktorý európska verejná politika svojim pôsobením formuje. Štruktúra indexu rodovej rovnosti. Verejná politika európskych štruktúr (agenda Generálneho riaditeľstva pre spravodlivosť DG JUST).
Salvato in:
| Autore principale: | |
|---|---|
| Natura: | Capitolo di libro |
| Lingua: | slovacco |
| Soggetti: | |
| Tags: |
Nessun Tag, puoi essere il primo ad aggiungerne!!
|
MARC
| LEADER | 00000naa a2200000 4500 | ||
|---|---|---|---|
| 001 | 0182736 | ||
| 005 | 20221020085220.2 | ||
| 041 | 0 | |a slo | |
| 044 | |a CZ | ||
| 245 | 1 | 0 | |a Rodovo podmienené násilie ako indikátor Indexu rodovej rovnosti - výzva pre členské štáty EÚ? |c Veronika Valkovičová |
| 520 | |a Koncept rodovo podmieneného násilia v diskurze, ktorý európska verejná politika svojim pôsobením formuje. Štruktúra indexu rodovej rovnosti. Verejná politika európskych štruktúr (agenda Generálneho riaditeľstva pre spravodlivosť DG JUST). | ||
| 610 | 2 | 0 | |a rovnosť rodová |
| 610 | 2 | 0 | |a nerovnosť rodová |
| 610 | 2 | 0 | |a vzťahy genderové |
| 610 | 2 | 0 | |a diferenciácia sociálna |
| 610 | 2 | 0 | |a postavenie spoločenské |
| 610 | 2 | 0 | |a diskriminácia |
| 100 | 1 | |a Valkovičová, Veronika | |